000 00327 a2200157 4500
001 59285
020 _a9726624185
040 _cAnchieta - Pituba
100 _aWollard, Kathy
240 1 0 _aSabes porquê?
_lpor
245 1 0 _aSabes porquê?
300 _a320
362 0 _a1995
650 4 _aLiteratura juvenil
942 _cBK
999 _c59285
_d59285